Loading...

أشهر المحاكمات في التاريخ

Bibliographic Details
Main Authors: أيمن أبو الروس, Roos,Ayman Abu
Format: Printed Book
Published: Cairo: Ibnu sina; 2004.
Subjects:
LEADER 00606nam a22001817a 4500
082 |a 956  |b ROO/A 
100 |a أيمن أبو الروس 
100 |a Roos,Ayman Abu 
245 |a أشهر المحاكمات في التاريخ  |c Asharu Muhakimathu fi Tharikh 
260 |a Cairo:  |b Ibnu sina;  |c 2004. 
300 |a 144p. 
500 |a includes index 
650 |a History 
650 |a Arabic History 
650 |a التاريخ العربي 
942 |c BK 
999 |c 308339  |d 308339 
952 |0 0  |1 0  |4 0  |6 956_000000000000000_ROO_A  |7 0  |9 329589  |a ARA  |b ARA  |d 2020-11-04  |l 0  |o 956 ROO/A  |p ARA5680  |r 2020-11-04  |w 2020-11-04  |y BK